Vista normal
Vista MARC
Entrada Personal Name
Número de registros utilizados en: 1
001 - CONTROL NUMBER
- control field: 1516
003 - CONTROL NUMBER IDENTIFIER
- control field: OSt
005 - DATE AND TIME OF LATEST TRANSACTION
- control field: 20110907132540.0
008 - FIXED-LENGTH DATA ELEMENTS
- fixed length control field: 110907|||a|||||| | ||| d
040 ## - CATALOGING SOURCE
- Original cataloging agency: OSt
- Transcribing agency: OSt
100 ## - HEADING--PERSONAL NAME
- Personal name: Díaz Barriga, Angel.
670 ## - SOURCE DATA FOUND
- Source citation: Work cat.: (OSt)762: Díaz Barriga, Angel., Tarea docente., 1993.